All 10k+ towns in Norfolk - Statistics

General Stats
  • This quiz has been taken 25 times
  • The average score is 6 of 13
Answer Stats
Clue Population Town % Correct
N 206,467 Norwich
100%
G 29,150 Great Yarmouth
91%
K 48,195 Kings Lynn
86%
T 25,524 Thetford
68%
D 21,393 Dereham
50%
W 17,495 Wymondham
50%
A 11,748 Attleborough
45%
D 11,309 Downham Market
36%
N 12,961 North Walsham
36%
G 24,424 Gorleston-on-Sea
18%
T 25,407 Taverham
18%
W 11,961 Watton
18%
B 12,184 Bradwell
5%
No matching quizzes found
Score Distribution
Percent of People with Each Score
Percentile by Number Answered
Your Score History
You have not taken this quiz